• 首页
  • 本馆介绍
  • 公告通知
  • 最新文献
  • 馆藏检索
  • 电子资源
  • 读者导购
  • 参考咨询
  • 我的图书馆
  • 登录
  • 详细信息显示
  • 放入我的书架
  • 预约/预借图书
  • 作者相关作品
  • 分类相关作品
  • 丛书相关作品
  • 出版社相关作品

书目信息

  • 表格格式
  • 工作单格式
  • 卡片格式
题名:
中国水旱灾害防治
    
 
作者: 刘树坤 主编
分册:   干旱灾害防治
出版信息: 北京   中国社会出版社  2017
页数: 550页
开本: 30cm
丛书名:
单 册:
中图分类: P426.616
科图分类:
主题词: 水灾--shui zai--灾害防治--中国 , 干旱--gan han--灾害防治--中国
电子资源:
ISBN: 978-7-5087-5499-4
000 01113nam 2200301 45
001 012001003316
005 20140130091146.0
010    @a978-7-5087-5499-4@dCNY138.00
099    @aCAL 012017093106
100    @a20170608d2016 em y0chiy50 ea
101 0  @achi
102    @aCN@b110000
105    @aak a 000yy
106    @ar
200 1  @a中国水旱灾害防治@Azhong guo shui han zai hai fang zhi@e战略、理论与实务@i干旱灾害防治@f刘树坤主编
210    @a北京@c中国社会出版社@d2017
215    @a550页@c图@d30cm
300    @a国家出版基金项目
320    @a有书目
330    @a本书全面系统地介绍了涝渍灾害防治的措施及效益, 内容包括干旱灾害概述, 抗旱减灾体系主要内容, 蓄水工程, 提水工程, 抗旱服务组织, 抗旱应急预案, 旱情评估与抗旱效益, 干旱灾害防治经济效益等。
517 1  @a战略、理论与实务@Azhan lve 、li lun yu shi wu
517 1  @a干旱灾害防治@Agan han zai hai fang zhi
606 0  @a水灾@Ashui zai@x灾害防治@y中国
606 0  @a干旱@Agan han@x灾害防治@y中国
690    @aP426.616@v5
701  0 @a刘树坤@Aliu shu kun@4主编
801  2 @aCN@b北京卓展@c20191020
905    @b1211187-9@dP426.616@e159@f3
    
    中国水旱灾害防治:战略、理论与实务.干旱灾害防治/刘树坤主编.-北京:中国社会出版社,2017
    550页:图;30cm
    国家出版基金项目
    
    ISBN 978-7-5087-5499-4:CNY138.00
    本书全面系统地介绍了涝渍灾害防治的措施及效益, 内容包括干旱灾害概述, 抗旱减灾体系主要内容, 蓄水工程, 提水工程, 抗旱服务组织, 抗旱应急预案, 旱情评估与抗旱效益, 干旱灾害防治经济效益等。
●
相关链接 在E读中查询图书 在五车中查询图书 在当当中查询图书 在豆瓣中查询图书


正题名:中国水旱灾害防治     索取号:P426.616/159         预约/预借

序号 登录号 条形码 馆藏地/架位号 状态 备注
1 1211187   212111873   第二样本阅览室/ [索取号:P426.616/159] 在馆    
2 1211188   212111882   第三借阅区/ [索取号:P426.616/159] 在馆    
3 1211189   212111891   第三借阅区/ [索取号:P426.616/159] 在馆    
唐山师范学院图书馆 欢迎您!
大连网信软件有限公司© 版权所有